Countries by First and Last Letter III Quiz Stats

 Plays Quiz Updated Jan 26, 2017

Support Sporcle.
Go Orange.
Score 0/20 Timer 04:00
10 Plays Today
First Letter Country % Correct
IIraq
92.2%
ZZambia
89.7%
OOman
87.5%
FFrance
82.2%
VVietnam
82.2%
HHaiti
78.6%
IItaly
78.6%
NNiger
78%
CChad
73.3%
NNorway
68%
First Letter Country % Correct
BBelize
67.5%
IIsrael
67.5%
TThailand
66%
KKiribati
65.2%
GGabon
63.7%
PPhilippines
57.8%
LLuxembourg
53.7%
PPakistan
50.9%
MMozambique
40.6%
PPalestine
39.1%

You're not logged in!

Compare scores with friends on all Sporcle quizzes.
OR
Log In
Forgot?

From the Vault

Country Music Artists

by beforever

Ain't nothin' wrong with a little honky tonk.
Remove Ads.
Support Sporcle.
Get the best of Sporcle when you Go Orange. This ad-free experience offers more features, more stats, and more fun while also helping to support Sporcle. Thank you for becoming a member.

Show Comments

Extras

Top Quizzes Today


Score Distribution

Your Account Isn't Verified!

In order to create a playlist on Sporcle, you need to verify the email address you used during registration. Go to your Sporcle Settings to finish the process.

Report this User

Report this user for behavior that violates our Community Guidelines.

Details: